000 00341nam a22001337a 4500
005 20251108173229.0
008 250721s9999 xx 000 0 eng d
100 1 _aباشا، محمد رجب
245 1 0 _aStories for our Kids /
264 1 _aدمشق :
_bدار الرفاعي,
300 _a8 مج
942 _2ddc
_cBK
999 _c99071
_d99071